[Event "GRE-chT 46th"]
[Site "Rio Achaia"]
[Date "2018.07.12"]
[Round "4.10"]
[White "Mihopoulos, Konstantinos"]
[Black "Tassopoulos, Marios"]
[Result "1-0"]
[WhiteElo "2097"]
[BlackElo "2134"]
[PlyCount "103"]
[EventDate "2018.07.10"]
[EventType "team"]
[EventRounds "7"]
[EventCountry "GRE"]
[SourceTitle "CBM 185 Extra"]
[Source "ChessBase"]
[SourceDate "2018.07.29"]
[SourceVersion "1"]
[SourceVersionDate "2018.07.29"]
[SourceQuality "1"]
[WhiteTeam "3 Stars 89"]
[BlackTeam "Pefkis"]
[WhiteTeamCountry "GRE"]
[BlackTeamCountry "GRE"]

1. d4 Nf6 2. Bf4 d5 3. e3 c5 4. c3 Nc6 5. Nd2 Bf5 6. Qb3 Qd7 7. Ngf3 c4 8. Qd1 e6 9. h3 Bd6 10. Bg5 Ne4 11. Nxe4 Bxe4 12. Nd2 Bf5 13. e4 Bxe4 14. Nxe4 dxe4 15. Bxc4 0-0 16. Qe2 f5 17. 0-0 h6 18. Bd2 Kh8 19. f3 exf3 20. Qxf3 e5 21. Qh5 Bc7 22. Rae1 e4 23. Kh1 Rae8 24. Bf4 Bxf4 25. Rxf4 Rd8 26. Ref1 Ne7 27. g4 Nd5 28. Bxd5 Qxd5 29. Rxf5 Rxf5 30. Qxf5 Qxa2 31. g5 Qd5 32. gxh6 Qxf5 33. hxg7+ Kxg7 34. Rxf5 Rd6 35. Kg2 Kg6 36. Rb5 Rd7 37. Re5 Kf6 38. Rxe4 Kf5 39. Kf3 Rg7 40. Re5+ Kf6 41. h4 Rg1 42. Rb5 b6 43. h5 Re1 44. Kf4 Rh1 45. Ke4 Rh4+ 46. Kd3 Ke6 47. Kc4 Rh2 48. b4 Ra2 49. Rg5 Rh2 50. b5 Ra2 51. Rg7 a6 52. Rg6+ 1-0

[Event "GRE-chT 46th"]
[Site "Rio Achaia"]
[Date "2018.07.11"]
[Round "2.1"]
[White "Michelakos, Panagiotis"]
[Black "Tassopoulos, Marios"]
[Result "1/2-1/2"]
[WhiteElo "2244"]
[BlackElo "2134"]
[PlyCount "156"]
[EventDate "2018.07.10"]
[EventType "team"]
[EventRounds "7"]
[EventCountry "GRE"]
[SourceTitle "CBM 185 Extra"]
[Source "ChessBase"]
[SourceDate "2018.07.29"]
[SourceVersion "1"]
[SourceVersionDate "2018.07.29"]
[SourceQuality "1"]
[WhiteTeam "Nikaia Fysiolatris"]
[BlackTeam "Pefkis"]
[WhiteTeamCountry "GRE"]
[BlackTeamCountry "GRE"]

1. d4 Nf6 2. c4 e6 3. Nc3 d5 4. cxd5 exd5 5. Bg5 Be7 6. e3 c6 7. Bd3 0-0 8. Qc2 Nbd7 9. Nge2 Re8 10. 0-0 Nf8 11. f3 Be6 12. Rad1 Rc8 13. e4 dxe4 14. fxe4 Ng4 15. Bxe7 Qxe7 16. Qd2 c5 17. d5 Bd7 18. h3 Ne5 19. Ng3 c4 20. Bc2 Qd6 21. Nf5 Bxf5 22. exf5 f6 23. Qd4 Qc5 24. d6 Red8 25. Be4 b5 26. Qxc5 Rxc5 27. Rd5 Rxd5 28. Bxd5+ Kh8 29. Nxb5 a6 30. Na3 Rxd6 31. Bxc4 h5 32. Bb3 Kh7 33. Rf4 Kh6 34. h4 g5 35. fxg6 Nfxg6 36. Nc4 Nxc4 37. Rxc4 Rd2 38. Ra4 Rxb2 39. Rxa6 Nxh4 40. Rxf6+ Kg5 41. Rf2 Rb1+ 42. Kh2 Ra1 43. Rc2 Nf5 44. Rc5 Kf6 45. Rd5 Re1 46. Rd1 Re3 47. Bc2 Rc3 48. Bxf5 Kxf5 49. Rd5+ Kg4 50. Rd4+ Kg5 51. Ra4 h4 52. Ra8 Rd3 53. a4 Kg6 54. a5 Kg7 55. a6 Rd6 56. Kh3 Rg6 57. a7 Ra6 58. Kxh4 Ra1 59. g4 Ra5 60. Kg3 Ra4 61. g5 Ra1 62. Kf4 Ra2 63. Kf5 Ra5+ 64. Kg4 Ra4+ 65. Kh5 Ra5 66. Rb8 Rxa7 67. Rb6 Rc7 68. Rg6+ Kh7 69. Rb6 Kg7 70. Kg4 Rc4+ 71. Kh5 Rc7 72. Rd6 Rb7 73. Rd5 Ra7 74. Rb5 Rc7 75. g6 Rc1 76. Rb7+ Kg8 77. Kg5 Rg1+ 78. Kf6 Rf1+ 1/2-1/2

[Event "GRE-chT 42nd"]
[Site "Porto Rio"]
[Date "2014.07.03"]
[Round "7.1"]
[White "Tassopoulos, Marios"]
[Black "Istratescu, Andrei"]
[Result "0-1"]
[WhiteElo "2233"]
[BlackElo "2668"]
[PlyCount "64"]
[EventDate "2014.06.28"]
[EventType "team-swiss"]
[EventRounds "7"]
[EventCountry "GRE"]
[SourceTitle "CBM 161 Extra"]
[Source "ChessBase"]
[SourceDate "2014.08.29"]
[SourceVersion "1"]
[SourceVersionDate "2014.08.29"]
[SourceQuality "1"]
[WhiteTeam "Korydallos"]
[BlackTeam "Kalamata Poseidon"]
[WhiteTeamCountry "GRE"]
[BlackTeamCountry "GRE"]

1. d4 Nf6 2. c4 g6 3. Nc3 Bg7 4. e4 0-0 5. f3 d6 6. Be3 a6 7. Qd2 c6 8. Bd3 b5 9. Nge2 Nbd7 10. 0-0 Bb7 11. Rac1 e6 12. Nd1 bxc4 13. Bxc4 d5 14. e5 dxc4 15. exf6 Qxf6 16. Rxc4 c5 17. Nf2 cxd4 18. Bxd4 e5 19. Be3 Rfd8 20. Bg5 Nb6 21. Qxd8+ Qxd8 22. Bxd8 Nxc4 23. Be7 Re8 24. Bc5 Rc8 25. b4 e4 26. Rc1 exf3 27. gxf3 Nd2 28. f4 Re8 29. Ng3 h5 30. Rd1 Bc3 31. a4 Bf3 32. Rc1 Bb2 0-1

[Event "GRE-chT 42nd"]
[Site "Porto Rio"]
[Date "2014.07.01"]
[Round "5.1"]
[White "Tassopoulos, Marios"]
[Black "Mihailidis, Anastasios"]
[Result "1/2-1/2"]
[WhiteElo "2233"]
[BlackElo "2290"]
[PlyCount "66"]
[EventDate "2014.06.28"]
[EventType "team-swiss"]
[EventRounds "7"]
[EventCountry "GRE"]
[SourceTitle "CBM 161 Extra"]
[Source "ChessBase"]
[SourceDate "2014.08.29"]
[SourceVersion "1"]
[SourceVersionDate "2014.08.29"]
[SourceQuality "1"]
[WhiteTeam "Korydallos"]
[BlackTeam "Aigialeias Interior"]
[WhiteTeamCountry "GRE"]
[BlackTeamCountry "GRE"]

1. d4 d5 2. c4 e6 3. Nc3 c6 4. e3 Nf6 5. Nf3 Nbd7 6. Qc2 Bd6 7. Bd3 0-0 8. 0-0 e5 9. cxd5 cxd5 10. dxe5 Nxe5 11. Be2 a6 12. Rd1 Qc7 13. g3 Be6 14. Nxe5 Bxe5 15. Bd2 Rac8 16. Rac1 d4 17. exd4 Bxd4 18. Bf4 Qb6 19. Bf3 Bg4 20. Bxg4 Nxg4 21. Rf1 Rfd8 22. Qe2 Nxf2 23. Rxf2 Re8 24. Qd2 Red8 25. Qe2 Re8 26. Qd2 Rcd8 27. Qc2 f6 28. Rcf1 Bxf2+ 29. Qxf2 Qxf2+ 30. Kxf2 Kf7 31. h4 Kg6 32. Rd1 Kf5 33. Nd5 g5 1/2-1/2

[Event "GRE-chT 42nd"]
[Site "Porto Rio"]
[Date "2014.06.29"]
[Round "2.1"]
[White "Tassopoulos, Marios"]
[Black "Dochev, Dimitar"]
[Result "0-1"]
[WhiteElo "2233"]
[BlackElo "2402"]
[PlyCount "116"]
[EventDate "2014.06.28"]
[EventType "team-swiss"]
[EventRounds "7"]
[EventCountry "GRE"]
[SourceTitle "EXT 2015"]
[Source "ChessBase"]
[SourceDate "2014.11.20"]
[SourceVersion "1"]
[SourceVersionDate "2014.11.20"]
[SourceQuality "1"]
[WhiteTeam "Korydallos"]
[BlackTeam "OFI"]
[WhiteTeamCountry "GRE"]
[BlackTeamCountry "GRE"]

1. d4 Nf6 2. c4 g6 3. Nc3 Bg7 4. e4 d6 5. f3 0-0 6. Be3 c5 7. Nge2 Nc6 8. d5 Na5 9. Ng3 a6 10. Be2 Rb8 11. 0-0 Bd7 12. Qd2 b5 13. Bh6 Nxc4 14. Bxc4 bxc4 15. Bxg7 Kxg7 16. Rfc1 e6 17. dxe6 Bxe6 18. Nf1 d5 19. exd5 Nxd5 20. Nxd5 Qxd5 21. Qxd5 Bxd5 22. Ne3 Be6 23. Rc2 Rb4 24. Re1 Rd8 25. Ree2 Rd3 26. a3 Ra4 27. Kf2 c3 28. Rxc3 Rxc3 29. bxc3 Rxa3 30. c4 a5 31. Rb2 Ra4 32. Rb5 Bxc4 33. Nxc4 Rxc4 34. Rxa5 Rc2+ 35. Kg3 Kf6 36. Ra7 Ke6 37. h4 h5 38. Rc7 f6 39. Rg7 Kf5 40. Rc7 Ke5 41. Rg7 Kf5 42. Rc7 g5 43. hxg5 fxg5 44. Rf7+ Ke5 45. Rg7 Kf6 46. Rc7 h4+ 47. Kh3 c4 48. g3 hxg3 49. Kxg3 Ke5 50. Rc5+ Kd4 51. Rxg5 c3 52. Rg8 Re2 53. Kf4 c2 54. Rc8 Kd3 55. Kf5 Re1 56. f4 c1Q 57. Rxc1 Rxc1 58. Ke6 Kd4 0-1

[Event "GRE-chT 42nd"]
[Site "Porto Rio"]
[Date "2014.06.28"]
[Round "1.1"]
[White "Tassopoulos, Marios"]
[Black "Lekic, Dusan"]
[Result "0-1"]
[WhiteElo "2233"]
[BlackElo "2433"]
[PlyCount "94"]
[EventDate "2014.06.28"]
[EventType "team-swiss"]
[EventRounds "7"]
[EventCountry "GRE"]
[SourceTitle "CBM 161 Extra"]
[Source "ChessBase"]
[SourceDate "2014.08.29"]
[SourceVersion "1"]
[SourceVersionDate "2014.08.29"]
[SourceQuality "1"]
[WhiteTeam "Korydallos"]
[BlackTeam "Aigaleo"]
[WhiteTeamCountry "GRE"]
[BlackTeamCountry "GRE"]

1. d4 Nf6 2. Nf3 d5 3. c4 e6 4. Nc3 c6 5. e3 Nbd7 6. Qc2 Bd6 7. Bd3 0-0 8. 0-0 dxc4 9. Bxc4 b5 10. Be2 Bb7 11. Rd1 Qc7 12. h3 h6 13. Bd2 a6 14. Rac1 Rac8 15. Qb1 Rfe8 16. b4 e5 17. dxe5 Nxe5 18. Nxe5 Bxe5 19. Be1 Qe7 20. Bf3 c5 21. Bxb7 Qxb7 22. bxc5 Rxc5 23. Ne2 Rxc1 24. Rxc1 Rc8 25. Bc3 Bxc3 26. Rxc3 Rxc3 27. Nxc3 Qc6 28. Qb3 Qd6 29. g3 b4 30. Ne2 a5 31. Nd4 Ne4 32. Qc4 g6 33. Qc6 Qe5 34. Kg2 Nc3 35. a3 Qd5+ 36. Qxd5 Nxd5 37. axb4 Nxb4 38. Kf3 Kf8 39. Ke4 f5+ 40. Ke5 Ke7 41. f3 a4 42. e4 Nd3+ 43. Kd5 f4 44. gxf4 Nxf4+ 45. Kc4 Nxh3 46. Kb4 Ng5 47. Kxa4 h5 0-1

[Event "Ambelokipi op 142nd"]
[Site "Athens"]
[Date "2014.04.30"]
[Round "7"]
[White "Papadakis, Michalis"]
[Black "Tassopoulos, Marios"]
[Result "0-1"]
[WhiteElo "2217"]
[BlackElo "2227"]
[PlyCount "100"]
[EventDate "2014.03.05"]
[EventType "swiss"]
[EventRounds "7"]
[EventCountry "GRE"]
[SourceTitle "EXT 2016"]
[Source "ChessBase"]
[SourceDate "2015.10.08"]
[SourceVersion "1"]
[SourceVersionDate "2015.10.08"]
[SourceQuality "1"]

1. d4 d5 2. c4 e6 3. Nc3 Nf6 4. cxd5 exd5 5. Bg5 Be7 6. e3 c6 7. Qc2 0-0 8. Bd3 Nbd7 9. Nge2 Re8 10. 0-0 Nf8 11. f3 Be6 12. Rae1 Rc8 13. Kh1 N6d7 14. Bxe7 Qxe7 15. e4 dxe4 16. fxe4 c5 17. d5 Bg4 18. Ng3 Ne5 19. Bb5 Red8 20. Qf2 f6 21. h3 a6 22. Be2 Bd7 23. Ra1 Nf7 24. a4 Nd6 25. a5 Ng6 26. Nh5 Re8 27. Bd3 Ne5 28. Qg3 Rf8 29. Bc2 Kh8 30. Rfe1 Rcd8 31. Ba4 Nb5 32. Bxb5 axb5 33. Nf4 Qd6 34. Ra2 Kg8 35. Nh5 Rf7 36. Re2 Kh8 37. Re1 Rdf8 38. Ne2 b4 39. Nhf4 Kg8 40. Nd3 Bb5 41. Nec1 c4 42. Nxe5 Qxe5 43. Qxe5 fxe5 44. Ra1 Rf2 45. Ne2 c3 46. Nxc3 bxc3 47. Rab1 cxb2 48. Kh2 Rf1 49. Rxf1 Bxf1 50. Rxb2 Ba6 0-1

[Event "Petroupoli op"]
[Site "Petroupoli"]
[Date "2013.11.06"]
[Round "7"]
[White "Tassopoulos, Marios"]
[Black "Goumas, Georgios"]
[Result "0-1"]
[WhiteElo "2226"]
[BlackElo "2380"]
[PlyCount "57"]
[EventDate "2013.09.25"]
[EventType "swiss"]
[EventRounds "7"]
[EventCountry "GRE"]
[SourceTitle "EXT 2014"]
[Source "ChessBase"]
[SourceDate "2013.11.20"]
[SourceVersion "1"]
[SourceVersionDate "2013.11.20"]
[SourceQuality "1"]

1. d4 Nf6 2. c4 e6 3. Nc3 Bb4 4. e3 0-0 5. Nge2 c6 6. a3 Ba5 7. Qc2 d5 8. Ng3 Bc7 9. Be2 Nbd7 10. cxd5 exd5 11. 0-0 Re8 12. b4 Nf8 13. b5 h5 14. bxc6 bxc6 15. Rd1 Ng4 16. Nf1 Qh4 17. g3 Qf6 18. f3 Nh6 19. Nxd5 cxd5 20. Qxc7 Bh3 21. Qf4 Bf5 22. Qh4 Qg6 23. e4 dxe4 24. Bxh6 Qxh6 25. fxe4 Bxe4 26. Qxh5 Qf6 27. Rd2 Ne6 28. Qe5 Ng5 29. Qf4 0-1

[Event "Petroupoli op"]
[Site "Petroupoli"]
[Date "2013.10.16"]
[Round "4"]
[White "Kotronias, Vasilios"]
[Black "Tassopoulos, Marios"]
[Result "0-1"]
[WhiteElo "2579"]
[BlackElo "2226"]
[PlyCount "84"]
[EventDate "2013.09.25"]
[EventType "swiss"]
[EventRounds "7"]
[EventCountry "GRE"]
[SourceTitle "EXT 2014"]
[Source "ChessBase"]
[SourceDate "2013.11.20"]
[SourceVersion "1"]
[SourceVersionDate "2013.11.20"]
[SourceQuality "1"]

1. e4 c5 2. d3 Nc6 3. g3 g6 4. Bg2 Bg7 5. f4 d6 6. Nf3 e6 7. 0-0 Nge7 8. c3 0-0 9. Be3 b6 10. d4 Bb7 11. Bf2 Rc8 12. Na3 cxd4 13. Nxd4 Nxd4 14. Bxd4 Bxd4+ 15. Qxd4 d5 16. e5 Ba6 17. Rfd1 Qc7 18. Qf2 Nc6 19. Nc2 Rfd8 20. h4 Ne7 21. g4 Qc5 22. Nd4 Nc6 23. h5 Nxd4 24. cxd4 Qe7 25. a4 Bc4 26. Ra3 b5 27. axb5 Bxb5 28. hxg6 fxg6 29. f5 gxf5 30. gxf5 exf5 31. Qxf5 Rc6 32. Rxa7 Qxa7 33. Qg5+ Rg6 34. Qxd8+ Kg7 35. Kh2 Qf7 36. Kh1 Be2 37. Rc1 Bc4 38. Rc3 Qf2 39. Qd7+ Kh8 40. Qh3 Qxb2 41. Re3 Qc1+ 42. Kh2 Rxg2+ 0-1

[Event "Neos Marmaras op 4th"]
[Site "Neos Marmaras"]
[Date "2012.04.21"]
[Round "8"]
[White "Tassopoulos, Marios"]
[Black "Ioannidis, Evgenios"]
[Result "1/2-1/2"]
[WhiteElo "2222"]
[BlackElo "1908"]
[PlyCount "59"]
[EventDate "2012.04.16"]
[EventType "swiss"]
[EventRounds "9"]
[EventCountry "GRE"]
[SourceTitle "CBM 148 Extra"]
[Source "ChessBase"]
[SourceDate "2012.06.22"]
[SourceVersion "1"]
[SourceVersionDate "2012.06.22"]
[SourceQuality "1"]

1. Nf3 Nf6 2. d4 e6 3. g3 c5 4. Bg2 cxd4 5. Nxd4 Be7 6. c4 a6 7. Nc3 0-0 8. b3 Nc6 9. 0-0 Qc7 10. Bb2 b6 11. Rc1 Bb7 12. Nd5 exd5 13. cxd5 Bc5 14. dxc6 dxc6 15. e3 Rad8 16. Qf3 Nd5 17. Qh5 Rfe8 18. a3 a5 19. Rfd1 Nf6 20. Qh4 Nd5 21. Nf5 f6 22. Bxd5+ Rxd5 23. Rxd5 cxd5 24. b4 axb4 25. axb4 Re4 26. Qh5 g6 27. Nh6+ Kg7 28. Nf5+ Kg8 29. Nh6+ Kg7 30. Nf5+ 1/2-1/2

[Event "Neos Marmaras op 4th"]
[Site "Neos Marmaras"]
[Date "2012.04.20"]
[Round "6"]
[White "Ali Marandi, Cemil Can"]
[Black "Tassopoulos, Marios"]
[Result "1-0"]
[WhiteElo "2315"]
[BlackElo "2222"]
[PlyCount "41"]
[EventDate "2012.04.16"]
[EventType "swiss"]
[EventRounds "9"]
[EventCountry "GRE"]
[SourceTitle "CBM 148 Extra"]
[Source "ChessBase"]
[SourceDate "2012.06.22"]
[SourceVersion "1"]
[SourceVersionDate "2012.06.22"]
[SourceQuality "1"]

1. e4 c5 2. c3 d5 3. exd5 Qxd5 4. d4 Nf6 5. Nf3 e6 6. a3 Nc6 7. Be3 cxd4 8. cxd4 Be7 9. Nc3 Qd6 10. Bd3 0-0 11. 0-0 b6 12. Qe2 Bb7 13. Rad1 Rad8 14. Bb1 Qb8 15. b4 Nd5 16. Nxd5 exd5 17. Bg5 Rfe8 18. b5 Na5 19. Bxe7 g6 20. Rfe1 Rd7 21. Bd6 1-0

[Event "Neos Marmaras op 4th"]
[Site "Neos Marmaras"]
[Date "2012.04.18"]
[Round "4"]
[White "Papasimakopoulos, Alexandros"]
[Black "Tassopoulos, Marios"]
[Result "1/2-1/2"]
[WhiteElo "2019"]
[BlackElo "2222"]
[PlyCount "90"]
[EventDate "2012.04.16"]
[EventType "swiss"]
[EventRounds "9"]
[EventCountry "GRE"]
[SourceTitle "CBM 148 Extra"]
[Source "ChessBase"]
[SourceDate "2012.06.22"]
[SourceVersion "1"]
[SourceVersionDate "2012.06.22"]
[SourceQuality "1"]

1. d4 d5 2. c4 e6 3. cxd5 exd5 4. Nc3 c6 5. Bf4 Bd6 6. Bxd6 Qxd6 7. Qc2 g6 8. e3 Bf5 9. Qd2 Nf6 10. f3 0-0 11. g4 Be6 12. Bd3 c5 13. Nge2 Nc6 14. Nb5 Qe7 15. dxc5 Qxc5 16. Rc1 Qe7 17. Nbd4 Nd7 18. Bb1 Nde5 19. Kf2 Nc4 20. Qc3 Rac8 21. b3 Nd6 22. Nxc6 bxc6 23. Qc5 a5 24. h4 a4 25. h5 axb3 26. hxg6 fxg6 27. axb3 Bxg4 28. Nf4 Bf5 29. Bxf5 Nxf5 30. Qxe7 Nxe7 31. Nd3 Nf5 32. Ne5 Rf6 33. Rhd1 Ne7 34. Rc5 Re6 35. f4 Rf8 36. Nf3 Kh8 37. b4 Ra8 38. Nd4 Ra2+ 39. Kf3 Rf6 40. Rdc1 Ra6 41. b5 cxb5 42. Rxb5 Rfb6 43. Rxb6 Rxb6 44. Rc7 Ng8 45. f5 gxf5 1/2-1/2

[Event "Athens Smaok op 12th"]
[Site "Athens"]
[Date "2011.10.18"]
[Round "6"]
[White "Tassopoulos, Marios"]
[Black "Azis Azizis, Ektoras"]
[Result "0-1"]
[WhiteElo "2195"]
[BlackElo "2230"]
[PlyCount "58"]
[EventDate "2011.09.13"]
[EventType "swiss"]
[EventRounds "7"]
[EventCountry "GRE"]
[SourceTitle "EXT 2024"]
[Source "ChessBase"]
[SourceDate "2023.10.10"]
[SourceVersion "1"]
[SourceVersionDate "2023.10.10"]
[SourceQuality "1"]

1. e4 g6 2. d4 Bg7 3. Nc3 d6 4. f4 a6 5. Nf3 b5 6. Bd3 Bb7 7. 0-0 Nd7 8. a4 b4 9. Ne2 c5 10. c3 cxd4 11. cxd4 Ngf6 12. e5 Nd5 13. Ng5 Qb6 14. Kh1 Nf8 15. a5 Qc6 16. Rf3 f6 17. exf6 exf6 18. Ne4 f5 19. Nd2 Ne6 20. Nc4 0-0 21. Qb3 Kh8 22. Bd2 Nxd4 23. Nxd4 Bxd4 24. Bf1 Bc5 25. Rd1 Rae8 26. Rd3 Re4 27. Bc1 Nxf4 28. Nxd6 Nxd3 29. Qxd3 Rd4 0-1

[Event "Athens op"]
[Site "Athens"]
[Date "2010.11.02"]
[Round "7"]
[White "Kotrotsos, Vasilios"]
[Black "Tassopoulos, Marios"]
[Result "1-0"]
[WhiteElo "2355"]
[BlackElo "2201"]
[PlyCount "111"]
[EventDate "2010.09.21"]
[EventType "swiss"]
[EventRounds "7"]
[EventCountry "GRE"]
[SourceTitle "EXT 2012"]
[Source "ChessBase"]
[SourceDate "2011.11.24"]
[SourceVersion "1"]
[SourceVersionDate "2011.11.24"]
[SourceQuality "1"]

1. d4 d5 2. c4 e6 3. Nc3 Nf6 4. Bg5 Be7 5. e3 0-0 6. Nf3 h6 7. Bh4 b6 8. Bd3 Bb7 9. 0-0 Nbd7 10. Qe2 Ne4 11. Bg3 c5 12. cxd5 exd5 13. Rad1 Ndf6 14. dxc5 Nxc3 15. bxc3 Bxc5 16. Nd4 Qe7 17. Bh4 Qe5 18. f4 Qh5 19. Bxf6 Qxe2 20. Bxe2 gxf6 21. Rf3 Rfc8 22. Rg3+ Kh8 23. c4 dxc4 24. Bxc4 Rc7 25. Nf5 Bf8 26. Bb3 Kh7 27. Kf2 Rac8 28. Nd6 Bxd6 29. Rxd6 Rc6 30. Rd7 R6c7 31. Rd6 Rc6 32. Rd2 R6c7 33. h4 Be4 34. Rd6 Rc6 35. Rd7 R6c7 36. Rxf7+ Rxf7 37. Bxf7 Rc2+ 38. Kg1 Rd2 39. Bg8+ Kh8 40. Bb3 Bd5 41. Bxd5 Rxd5 42. Rg6 Ra5 43. e4 Ra4 44. Rxf6 Rxe4 45. g4 Kg7 46. g5 hxg5 47. hxg5 Re2 48. f5 Rxa2 49. Rh6 Ra5 50. f6+ Kg8 51. g6 Rg5+ 52. Kh2 Rf5 53. g7 Rxf6 54. Rxf6 Kxg7 55. Rc6 b5 56. Kg3 1-0

[Event "Athens op"]
[Site "Athens"]
[Date "2010.10.12"]
[Round "4"]
[White "Tassopoulos, Marios"]
[Black "Mitrandzas, Athanasios"]
[Result "1/2-1/2"]
[WhiteElo "2201"]
[BlackElo "2089"]
[PlyCount "82"]
[EventDate "2010.09.21"]
[EventType "swiss"]
[EventRounds "7"]
[EventCountry "GRE"]
[SourceTitle "EXT 2012"]
[Source "ChessBase"]
[SourceDate "2011.11.24"]
[SourceVersion "1"]
[SourceVersionDate "2011.11.24"]
[SourceQuality "1"]

1. e4 c5 2. Nf3 d6 3. Bb5+ Bd7 4. Bxd7+ Qxd7 5. 0-0 Nc6 6. c3 Nf6 7. Qe2 e6 8. d4 cxd4 9. cxd4 d5 10. e5 Ne4 11. Nbd2 Nxd2 12. Bxd2 Be7 13. Rfc1 0-0 14. Rc2 Rfc8 15. Rac1 Nd8 16. Be3 Rc6 17. Rxc6 Nxc6 18. Qc2 Rc8 19. Ne1 Rc7 20. Nd3 b6 21. h3 Bd8 22. Qd1 Ne7 23. Rxc7 Bxc7 24. Qc2 Qc6 25. Qxc6 Nxc6 26. Kf1 f6 27. f4 g5 28. exf6 gxf4 29. Nxf4 Kf7 30. Nd3 Kxf6 31. Ke2 Bd6 32. g4 b5 33. Kf3 a5 34. h4 a4 35. Bf2 b4 36. Be3 e5 37. dxe5+ Bxe5 38. Bg5+ Kf7 39. Bd2 Bd6 40. Bf4 Be7 41. h5 b3 1/2-1/2

[Event "EU-ch 11th"]
[Site "Rijeka"]
[Date "2010.03.14"]
[Round "8"]
[White "Tassopoulos, Marios"]
[Black "Partys, Petr"]
[Result "1-0"]
[WhiteElo "2245"]
[BlackElo "1977"]
[PlyCount "59"]
[EventDate "2010.03.06"]
[EventType "swiss"]
[EventRounds "11"]
[EventCountry "CRO"]
[SourceTitle "CBM 136"]
[Source "ChessBase"]
[SourceDate "2010.05.18"]
[SourceVersion "1"]
[SourceVersionDate "2010.05.18"]
[SourceQuality "1"]

1. e4 c5 2. Nf3 e6 3. c3 d5 4. exd5 exd5 5. d4 Nf6 6. Bb5+ Nc6 7. 0-0 Be7 8. dxc5 0-0 9. Be3 Bg4 10. Nbd2 Rc8 11. h3 Bh5 12. Be2 Re8 13. Re1 Qc7 14. b4 a6 15. Nd4 Bxe2 16. Qxe2 Bf8 17. Nxc6 Qxc6 18. Qd3 h6 19. Bd4 Rxe1+ 20. Rxe1 Re8 21. Rxe8 Qxe8 22. Bxf6 gxf6 23. Nf1 Qe6 24. a3 a5 25. Ne3 b6 26. cxb6 Qxb6 27. Nxd5 Qe6 28. Qe4 Qa6 29. g3 axb4 30. axb4 1-0

[Event "EU-ch 11th"]
[Site "Rijeka"]
[Date "2010.03.11"]
[Round "6"]
[White "Tassopoulos, Marios"]
[Black "Gradiser, Dragoljub"]
[Result "1-0"]
[WhiteElo "2245"]
[BlackElo "1954"]
[PlyCount "105"]
[EventDate "2010.03.06"]
[EventType "swiss"]
[EventRounds "11"]
[EventCountry "CRO"]
[SourceTitle "CBM 136"]
[Source "ChessBase"]
[SourceDate "2010.05.18"]
[SourceVersion "1"]
[SourceVersionDate "2010.05.18"]
[SourceQuality "1"]

1. e4 e6 2. d4 d5 3. Nd2 c5 4. Ngf3 cxd4 5. exd5 Qxd5 6. Bc4 Qd6 7. 0-0 Nf6 8. Nb3 Nc6 9. Nbxd4 Nxd4 10. Nxd4 Bd7 11. c3 Be7 12. Qe2 0-0 13. Rd1 Qb8 14. Nf3 Bc6 15. Ne5 Be4 16. Bf4 Qc8 17. Nd7 Nxd7 18. Qxe4 Nf6 19. Qe2 h6 20. Bb3 Qc6 21. Rd3 Qe4 22. Qxe4 Nxe4 23. Rd4 Nc5 24. Bc2 Rad8 25. Rad1 Rxd4 26. Rxd4 Rd8 27. Rxd8+ Bxd8 28. Kf1 Kf8 29. Bd6+ Be7 30. Bb8 a5 31. Ke2 Ke8 32. Bd3 Nxd3 33. Kxd3 Kd7 34. Kc4 Kc6 35. a4 b6 36. Be5 f6 37. Bf4 g5 38. Be3 e5 39. b4 f5 40. b5+ Kc7 41. f3 f4 42. Bf2 e4 43. fxe4 g4 44. Kd3 Bd6 45. Bd4 h5 46. e5 Bf8 47. Ke4 Bh6 48. Kf5 Kd7 49. Bxb6 g3 50. hxg3 fxg3 51. Bc5 Bd2 52. e6+ Ke8 53. b6 1-0

[Event "EU-ch 11th"]
[Site "Rijeka"]
[Date "2010.03.08"]
[Round "3"]
[White "Tassopoulos, Marios"]
[Black "Neubauer, Martin"]
[Result "0-1"]
[WhiteElo "2245"]
[BlackElo "2465"]
[PlyCount "44"]
[EventDate "2010.03.06"]
[EventType "swiss"]
[EventRounds "11"]
[EventCountry "CRO"]
[SourceTitle "CBM 136"]
[Source "ChessBase"]
[SourceDate "2010.05.18"]
[SourceVersion "1"]
[SourceVersionDate "2010.05.18"]
[SourceQuality "1"]

1. e4 c5 2. Nf3 d6 3. d4 cxd4 4. Nxd4 Nf6 5. Nc3 g6 6. Be3 Bg7 7. f3 Nc6 8. Qd2 0-0 9. 0-0-0 d5 10. Qe1 e5 11. Nxc6 bxc6 12. exd5 Nxd5 13. Bc4 Be6 14. Ne4 Qc7 15. Bc5 Rfd8 16. g4 Nf4 17. Rxd8+ Rxd8 18. Bxe6 Nxe6 19. Qc3 Rd5 20. Rd1 f5 21. gxf5 gxf5 22. Rxd5 cxd5 0-1

[Event "Aegean op 32nd"]
[Site "Aghios Kirykos"]
[Date "2009.07.17"]
[Round "7"]
[White "Tassopoulos, Marios"]
[Black "Spirin, Oleg"]
[Result "0-1"]
[WhiteElo "2249"]
[BlackElo "2466"]
[PlyCount "64"]
[EventDate "2009.07.11"]
[EventType "swiss"]
[EventRounds "9"]
[EventCountry "GRE"]
[SourceTitle "CBM 131 Extra"]
[Source "ChessBase"]
[SourceDate "2009.09.03"]
[SourceVersion "2"]
[SourceVersionDate "2009.09.16"]
[SourceQuality "1"]

1. e4 c5 2. Nf3 d6 3. d4 cxd4 4. Nxd4 Nf6 5. Nc3 a6 6. Be3 e6 7. Qf3 Qc7 8. 0-0-0 Nbd7 9. Be2 b5 10. a3 Bb7 11. g4 Nc5 12. Bd3 Nxd3+ 13. cxd3 d5 14. Nc2 dxe4 15. dxe4 Rc8 16. Rd2 Bxa3 17. Bf4 Qxc3 18. Qxc3 Rxc3 19. Rhd1 Rc8 20. bxa3 Bxe4 21. Kb2 Rxc2+ 22. Rxc2 Bxc2 23. Kxc2 Nd5 24. Be3 Nxe3+ 25. fxe3 Ke7 26. a4 Rc8+ 27. Kb3 Rc4 28. axb5 axb5 29. h3 Re4 30. Rd3 h5 31. gxh5 Rh4 32. h6 gxh6 0-1